Στατιστική με το SPSS 11 για Windows
Αποθηκεύτηκε σε:
| Κύριος συγγραφέας: | |
|---|---|
| Άλλοι συγγραφείς: | |
| Μορφή: | Βιβλίο |
| Γλώσσα: | Greek |
| Δημοσίευση: |
Αθήνα :
Κλειδάριθμος,
2005, c2003.
|
| Έκδοση: | Ενημερωμένη έκδ. |
| Θέματα: | |
| Ετικέτες: |
Προσθήκη ετικέτας
Δεν υπάρχουν, Καταχωρήστε ετικέτα πρώτοι!
|
MARC
| LEADER | 00000cam a2200000 i 4500 | ||
|---|---|---|---|
| 001 | 1/69486 | ||
| 008 | 050114r20052003gr | ||| |||| ||gre|| | ||
| 020 | |a 9602096721 | ||
| 035 | |l 10075966 | ||
| 040 | |a GR-MyUa |b gre |e AACR2 | ||
| 041 | 0 | |a gre | |
| 082 | 7 | |a 519.502855369 |2 (21) | |
| 100 | 1 | |a Howitt, Dennis. | |
| 245 | 1 | 0 | |a Στατιστική με το SPSS 11 για Windows / |c Deniss Howitt, Duncan Cramer ; μετάφραση Κώστας Καρανικολός. |
| 250 | |a Ενημερωμένη έκδ. | ||
| 260 | |a Αθήνα : |b Κλειδάριθμος, |c 2005, c2003. | ||
| 300 | |a viii, 291 σ. : |b εικ. ; |c 24 εκ. | ||
| 500 | |a Τίτλος πρωτοτύπου: A guide to computing statistics with SPSS release for Windows. | ||
| 500 | |a Με προσαρτήματα για τις εκδόσεις 8, 9, και 10. | ||
| 500 | |a Το Παράρτημα Χίου διαθέτει την ανατύπωση του 2004. | ||
| 500 | |a Το Παράρτημα Λέσβου διαθέτει την ανατύπωση του 2005. | ||
| 500 | |a Περιλαμβάνει ευρετήριο. | ||
| 630 | 0 | 0 | |a SPSS for Windows. |
| 700 | 1 | |a Cramer, Duncan, |d 1948- | |
| 852 | |a INST |b CHIOS |e 20050114 |h 519.502855369 HOW |p 005200022414 |q 005200022414 |t BK |y 0 | ||
| 852 | |a INST |b CHIOS |e 20050114 |h 519.502855369 HOW |p 005200022415 |q 005200022415 |t BK |y 0 | ||
| 852 | |a INST |b LESVOS |e 20081201 |h 519.502855369 HOW |p 005100044184 |q 005100044184 |t BK |y 0 | ||
| 901 | |a BIBL2-2005-1 | ||
| 901 | |a BIBL1-2008-3 | ||
| 970 | |a ΣΠΕΝΤΖΑ |b ΕΛΕΝΗ |z 2005/01/14 | ||